Olympics Venue Pictures: City, Country, Year - Statistics

General Stats
  • This quiz has been taken 17 times
  • The average score is 25 of 36
Answer Stats
Picture Answer % Correct
Paris
100%
Beijing
92%
London
92%
1972
83%
1976
83%
1988
83%
1992
83%
2004
83%
2008
83%
2024
83%
Athens
83%
Berlin
83%
1936
75%
2012
75%
2020
75%
France
75%
France
75%
Montreal
75%
Tokyo
75%
Canada
67%
China
67%
Germany
67%
Germany
67%
Greece
67%
Munich
67%
United Kingdom
67%
2014
58%
Albertville
58%
Japan
58%
Italy
50%
Seoul
50%
1956
42%
Cortina D'Ampezzo
42%
Russia
42%
Sochi
42%
South Korea
42%
No matching quizzes found
Score Distribution
Percent of People with Each Score
Percentile by Number Answered
Your Score History
You have not taken this quiz